[Event "Zalaegerszeg op"]
[Site "Zalaegerszeg"]
[Date "1992.??.??"]
[Round "?"]
[White "Horvath, Gyula"]
[Black "Vaulin, Alexander"]
[Result "1-0"]
[WhiteElo "2420"]
[BlackElo "2515"]

1.Nf3 d5 2.c4 e6 3.g3 g6 4.Bg2 Bg7 5.O-O Ne7 6.d4 O-O 7.Qb3 Nbc6 8.cxd5 exd5
9.Nc3 h6 10.Rd1 Rb8 11.Ne5 Nxd4 12.Rxd4 Bxe5 13.Rd1 Bg7 14.Nxd5 Nxd5 15.Bxd5 Qe7
16.Bf4 g5 17.Be3 b6 18.Rac1 Bh3 19.Rc6 Rbd8 20.Rdc1 Rd7 21.Bg2 Be6 22.Qc2 Bxa2
23.Ra1 Be6 24.Rxa7 Qb4 25.h3 Bb3 26.Qf5 Qe1+ 27.Kh2 Rd1 28.h4 Qg1+ 29.Kh3 Rd6
30.Rxd6 cxd6 31.Re7 Be6 32.Rxe6 fxe6 33.Qxe6+ Kh8 34.Bd4 Bxd4 35.Qxh6+ Kg8
36.Bd5+ Rf7 37.Qg6+ Kh8 38.Qh5+  1-0

[Event "Zuerich op"]
[Site "Zuerich"]
[Date "1992.??.??"]
[Round "?"]
[White "Klinger, Josef"]
[Black "Lendwai, Reinhard"]
[Result "0-1"]
[WhiteElo "2480"]
[BlackElo "2415"]

1.Nf3 d5 2.c4 e6 3.d4 Nf6 4.Nc3 Be7 5.cxd5 exd5 6.Bg5 c6 7.e3 Bf5 8.Bd3 Bg6
9.O-O Nbd7 10.a3 Ne4 11.Bxe4 Bxg5 12.Bxg6 hxg6 13.e4 dxe4 14.Nxe4 Be7 15.d5 O-O
16.dxc6 bxc6 17.Rc1 Nf6 18.Nd4 Nxe4 19.Nxc6 Qc7 20.Qe2 Rfe8 21.Qxe4 Bg5 22.Qf3 Bxc1
23.Rxc1 Rad8 24.g3 Rd2 25.b4 Re6 26.Rc5 Qb7 27.a4 Qa6 28.Ne5 Rf6 29.Qa8+ Kh7
30.Rc4 Rf5 31.Nxf7 g5 32.b5 Rd1+ 33.Kg2 Rxf2+ 34.Kxf2 Qf6+ 35.Ke2 Qf1+ 36.Ke3 Rd3+
37.Ke4 Qf3+ 38.Ke5 Qxa8  0-1

[Event "DEN-chJ"]
[Site "Aarhus"]
[Date "1993.??.??"]
[Round "9"]
[White "Sergejev, Roman"]
[Black "Pedersen, Daniel Vesterbaek"]
[Result "0-1"]
[WhiteElo "2250"]
[BlackElo "2225"]

1.Nf3 d5 2.c4 e6 3.g3 Nf6 4.b3 Be7 5.Bb2 O-O 6.Bg2 c5 7.cxd5 Nxd5 8.O-O b6
9.Nc3 Bb7 10.Qc2 Bf6 11.Rad1 Qe7 12.Nxd5 Bxd5 13.e4 Bc6 14.e5 Bg5 15.Nxg5 Qxg5
16.d4 Bxg2 17.Kxg2 cxd4 18.Bxd4 Qe7 19.Qe4 Na6 20.Bb2 Nc7 21.Rc1 Nd5 22.Rc4 b5
23.Rc2 Rac8 24.Rfc1 Qb7 25.Rxc8 Rxc8 26.Rxc8+ Qxc8 27.Qd4 Qc6 28.Kg1 a6 29.Qd2 h6
30.a3 Qc5 31.Kf1 a5 32.Qc1 Qb6 33.Qc8+ Kh7 34.Qc2+ Kg8 35.Ke2 a4 36.Kf1 axb3
37.Qxb3 Qc5 38.h4 Nb6 39.Kg1 Nc4 40.Qc3 Qd5 41.Qb4 Qd1+ 42.Kg2 Qe2 43.Bc1 Qxe5
44.Kg1 Qa1 45.Qe1 Nxa3 46.Qd2 b4 47.Kh2 Qb1 48.Qd4 Qxc1 49.Qd8+ Kh7 50.Qd3+ g6
51.Qd7 Qc3 52.Qxf7+ Qg7 53.Qxe6 h5 54.f4 Nb5 55.f5 Nd4 56.fxg6+ Kh6 57.Qe3+ Kxg6
58.Qg5+ Kf7 59.Qxh5+ Ke6 60.Qe8+ Qe7 61.Qc8+ Kd5 62.Qg8+ Ke4 63.h5 Kf3 64.Qg6 Qe2+
65.Kh3 Qe6+ 66.Qxe6 Nxe6 67.h6 b3  0-1

[Event "Alcobendas op"]
[Site "Alcobendas"]
[Date "1993.??.??"]
[Round "8"]
[White "Gamundi, Antonio"]
[Black "Westerinen, Heikki MJ"]
[Result "1/2-1/2"]
[WhiteElo "2440"]
[BlackElo "2385"]

1.Nf3 d5 2.c4 d4 3.b4 f6 4.Qa4+ Bd7 5.Qb3 e5 6.d3 c5 7.bxc5 Nc6 8.g3 Bxc5
9.Bg2 Nge7 10.O-O O-O 11.Nbd2 f5 12.Qb1 Qb6 13.Nb3 Bb4 14.Bd2 a5 15.c5 Qb5
16.a4 Qa6 17.Bxb4 axb4 18.Nbd2 Qa5 19.Rc1 h6 20.Nc4 Qc7 21.Nb6 Ra5 22.Qb3+ Kh8
23.Nd2 Rf6 24.Bxc6 Bxc6 25.Qxb4 Ra6 26.Ndc4 f4 27.Nd2 Nd5 28.Nxd5 Bxd5 29.Ne4 Rg6
30.Kg2 Qf7 31.Qd2 h5 32.f3 Qe7 33.Kf2 Bxe4 34.dxe4 fxg3+ 35.hxg3 Rxg3 36.Kxg3 Rg6+
37.Kh3 Qe6+ 38.Kh2 Qf6 39.Kh3 Qe6+ 40.Kh2 Qf6  1/2-1/2

[Event "Alushta"]
[Site "Alushta"]
[Date "1993.??.??"]
[Round "?"]
[White "Moskalenko, Viktor"]
[Black "Savchenko, Stanislav"]
[Result "1/2-1/2"]
[WhiteElo "2555"]
[BlackElo "2535"]

1.Nf3 d5 2.c4 c6 3.d4 Nf6 4.Nc3 dxc4 5.a4 Bf5 6.Nh4 Bc8 7.e3 e5 8.Bxc4 exd4
9.exd4 Be7 10.O-O O-O 11.Re1 Na6 12.Bg5 Nb4 13.Qb3 a5 14.Nf3  1/2-1/2

[Event "Alushta3"]
[Site "Alushta"]
[Date "1993.??.??"]
[Round "?"]
[White "Tregubov, Pavel V"]
[Black "Fominyh, Alexander"]
[Result "1/2-1/2"]
[WhiteElo "2475"]
[BlackElo "2515"]

1.Nf3 d5 2.c4 c6 3.d4 Nf6 4.Nc3 dxc4 5.a4 Bf5 6.Nh4 e6 7.Nxf5 exf5 8.e3 Bb4
9.Bxc4 O-O 10.Bd2 Nbd7 11.Qf3 g6 12.Rd1 Qa5 13.Bb3 Nb6 14.O-O Rad8 15.Qe2 Ne4
16.Nxe4 fxe4 17.f3 Bxd2 18.Qxd2 Qxd2 19.Rxd2 exf3 20.Rxf3 Rde8 21.Rc2 Re7
22.Rc5 a6 23.a5 Nd7 24.Rc3 Kg7 25.d5 Ne5 26.Rf1 f5 27.dxc6 Nxc6 28.Bd5 Nxa5
29.Ra1 Nc6 30.Bxc6 bxc6 31.Rxa6 Rb8 32.b3 Reb7 33.Rcxc6 Rxb3 34.Rc7+ Kh6
35.Raa7 Rxe3 36.Rxh7+ Kg5 37.h4+ Kf4 38.Kh2  1/2-1/2

[Event "Alushta op"]
[Site "Alushta"]
[Date "1993.??.??"]
[Round "?"]
[White "Rumiancev, Gennadij"]
[Black "Maljutin, Evgeni"]
[Result "0-1"]
[WhiteElo "2260"]
[BlackElo "2505"]

1.Nf3 d5 2.c4 d4 3.e4 Nc6 4.d3 e5 5.a3 a5 6.Be2 Be7 7.O-O Nf6 8.b3 O-O 9.Ne1 Nd7
10.Nd2 Nc5 11.Bg4 Bxg4 12.Qxg4 Bg5 13.Rb1 Qe7 14.g3 Ne6 15.f4 exf4 16.gxf4 h5
17.Qxh5 Nxf4 18.Qd1 Ne5 19.Ndf3 Ra6 20.Kh1 Bh6 21.Nxd4 Nexd3 22.Nxd3 Qxe4+
23.Rf3 Ne6 24.Nf5 Bxc1 25.Ng3 Qc6 26.Rxc1 Rd8 27.Qf1 f6 28.Qg2 Rxd3 29.Rxd3 Qxg2+
30.Kxg2 Nf4+ 31.Kf3 Nxd3 32.Rd1 Ne5+ 33.Ke4 Rb6 34.Rd8+ Kh7 35.Rc8 Rc6 36.Nf5 a4
37.bxa4 Rxc4+ 38.Kd5 Kg6 39.Ng3 c6+ 40.Ke6 Nf3 41.Rc7 Rxa4 42.Rxb7 Rxa3 43.Rb2 Re3+
44.Kd6 Nxh2 45.Rg2 Ng4 46.Kxc6 f5 47.Kd5 Kg5 48.Kd4 Re7 49.Kd3 Kf4 50.Rg1 Re3+  0-1

[Event "Andorra op"]
[Site "Andorra"]
[Date "1993.??.??"]
[Round "5"]
[White "Tisdall, Jonathan D"]
[Black "Flear, Glenn C"]
[Result "0-1"]
[WhiteElo "2465"]
[BlackElo "2500"]

1.Nf3 d5 2.c4 d4 3.e3 Nc6 4.b4 dxe3 5.fxe3 Nxb4 6.d4 e6 7.a3 Nc6 8.Bb2 Nf6
9.Be2 Be7 10.O-O O-O 11.Nc3 b6 12.Qd3 Ba6 13.Ne4 Na5 14.Rac1 c5 15.Nxf6+ Bxf6
16.Qe4 cxd4 17.Bd3 g6 18.Nxd4 Bb7 19.Qg4 e5 20.Ne6 fxe6 21.Bxg6 Qe7 22.Bf7+ Kxf7
23.Rxf6+ Qxf6 24.Rf1 Qxf1+ 25.Kxf1 Ke7+ 26.Ke1 Rac8 27.Qh4+ Kd6 28.Qxh7 Bxg2
29.Qd3+ Kc6 30.Bxe5 Kb7 31.Qg6 Bf3 32.Bd6 Rfe8 33.Qf7+ Kc6 34.Bb4 Be4 35.Bxa5 bxa5
36.Qxa7 Ra8 37.Qg7 Rg8 38.Qe7 Rae8 39.Qa7 Ra8 40.Qe7 Rae8 41.Qa7 Rb8 42.Qxa5 Rb2
43.Qa4+ Kb7  0-1

[Event "AUT-ch"]
[Site "?"]
[Date "1993.??.??"]
[Round "3"]
[White "Stanec, Nikolaus"]
[Black "Felsberger, Alfred"]
[Result "1/2-1/2"]
[WhiteElo "2440"]
[BlackElo "2360"]

1.Nf3 d5 2.c4 c6 3.e3 e6 4.b3 f5 5.Bb2 Nf6 6.d3 Bd6 7.Nbd2 Nbd7 8.e4 fxe4
9.dxe4 dxe4 10.Ng5 Nc5 11.b4 Bf4 12.Nh3 Bxd2+ 13.Qxd2 Qxd2+ 14.Kxd2 Na4 15.Be5 O-O
16.Be2 Nb6 17.Kc3 h6 18.Nf4 Re8 19.Bh5 Nxh5 20.Nxh5 Rf8 21.g4 a5 22.b5 cxb5
23.Bxg7 Rf3+ 24.Kd4 Nxc4 25.Kxe4 Rf7 26.Bf6 Bd7 27.Rhg1 Bc6+ 28.Kd3 Kh7  1/2-1/2

[Event "AUT-ch"]
[Site "?"]
[Date "1993.??.??"]
[Round "9"]
[White "Fauland, Alexander"]
[Black "Petschar, Kurt"]
[Result "1/2-1/2"]
[WhiteElo "2435"]
[BlackElo "2325"]

1.Nf3 d5 2.c4 c6 3.b3 Bg4 4.e3 e5 5.h3 Bxf3 6.Qxf3 Nf6 7.Bb2 Bd6 8.cxd5 cxd5
9.Nc3 e4 10.Qd1 Nc6 11.Be2 O-O 12.O-O Rc8 13.Nb5 Bb8 14.Rc1 a6 15.Nd4 Nxd4
16.Bxd4 Qd6 17.g3 Qe6 18.Kg2 Be5 19.Bc3 Rc7 20.Rc2 Rfc8 21.Qa1 b5 22.Rcc1 Bxc3
23.Rxc3 Rxc3 24.dxc3 Qe5 25.Rc1 h5 26.a4 bxa4 27.Qxa4 Rxc3 28.Rxc3 Qxc3 29.Bxa6 d4
30.Qc4 Qxc4 31.Bxc4 dxe3 32.fxe3 Kf8 33.Kf2 Ke7 34.Ke2 Ne8 35.Kd2 Nd6 36.Ba6 Nf5
37.g4 hxg4 38.hxg4 Nh6 39.Be2 Kd6 40.b4 f5 41.gxf5 Nxf5  1/2-1/2

[Event "AUT-chT"]
[Site "?"]
[Date "1993.??.??"]
[Round "?"]
[White "Barbero, Gerardo F"]
[Black "Plachetka, Jan"]
[Result "1/2-1/2"]
[WhiteElo "2480"]
[BlackElo "2475"]

1.Nf3 d5 2.c4 e6 3.g3 Nf6 4.Bg2 dxc4 5.Qa4+ Nbd7 6.Qxc4 a6 7.Qb3 Rb8 8.O-O b5
9.d4 Bb7 10.Bf4 Bd6 11.Nc3 Bxf4 12.gxf4 c5 13.dxc5 Nxc5 14.Qb4 Qb6 15.a4  1/2-1/2

[Event "AUT-chT"]
[Site "?"]
[Date "1993.??.??"]
[Round "?"]
[White "Jurek, Josef"]
[Black "Keitlinghaus, Ludger"]
[Result "1/2-1/2"]
[WhiteElo "2305"]
[BlackElo "2460"]

1.Nf3 d5 2.c4 d4 3.g3 Nc6 4.Bg2 e5 5.O-O Nf6 6.d3 a5 7.Na3 Be7 8.Rb1 O-O
9.Nc2 Re8 10.b3 Nd7 11.a3 Nc5 12.b4 Na4 13.Bd2 axb4 14.axb4 Bf6 15.b5 Ne7
16.Nb4 Nc5 17.Qc2 Bf5 18.Ng5 Bxg5 19.Bxg5 f6 20.Bd2 Ng6 21.Bd5+ Kh8 22.Ra1 Rxa1
23.Rxa1 e4 24.dxe4 Bxe4 25.Bxe4 Nxe4 26.Rd1 Qd7 27.Be3 Qh3 28.Rxd4 f5 29.Nd3 h6
30.Qb2 Nf6 31.Ne1 Ng4 32.Rxg4 Qxg4 33.Bxh6 Ne5 34.Nf3 Nxf3+ 35.exf3 Qg6 36.Bf4 Re1+
37.Kg2 Qe6 38.Qd4 c6 39.bxc6 bxc6 40.Be3 Rb1 41.Qd8+  1/2-1/2

[Event "AUT-chT2S 9293"]
[Site "AUT"]
[Date "1993.??.??"]
[Round "?"]
[White "Mohr, Georg"]
[Black "Petran, Pal"]
[Result "1/2-1/2"]
[WhiteElo "2435"]
[BlackElo "2485"]

1.Nf3 d5 2.c4 e6 3.g3 Nf6 4.Bg2 Be7 5.O-O O-O 6.b3 b6 7.Bb2 Bb7 8.e3 c5 9.Qe2 Nc6
10.Rd1 Qc7 11.Nc3 Rac8 12.Rac1 dxc4 13.bxc4 a6 14.Ne1 Na5 15.f4 Bxg2 16.Nxg2 Rfd8
17.d3 Rb8 18.a4 Rd7 19.g4 Rbd8 20.Ne1 Nc6 21.h4 Nb4 22.g5 Ne8 23.Ba3 Nd6
24.Nf3 Nc6 25.Rb1 Nf5 26.Bb2 Ng3 27.Qf2 Nf5 28.Qe2 Ng3 29.Qf2  1/2-1/2

[Event "AUT-chT2S 9293"]
[Site "AUT"]
[Date "1993.??.??"]
[Round "?"]
[White "Schmittdiel, Eckhard"]
[Black "Lazarev, Vladimir"]
[Result "1/2-1/2"]
[WhiteElo "2450"]
[BlackElo "2430"]

1.Nf3 d5 2.c4 dxc4 3.Qa4+ Nd7 4.g3 a6 5.Qxc4 b5 6.Qc2 Bb7 7.Bg2 Ngf6 8.O-O e6
9.b3 c5 10.Bb2 Be7 11.Nc3 O-O 12.a4 Qb6 13.d3 Rfd8 14.Rfc1 Rac8 15.Qb1 Nb8
16.axb5 axb5 17.Nd1 Nc6 18.Ne3 Nd4 19.Nxd4 cxd4 20.Rxc8 Bxc8 21.Nc2 e5 22.Qe1 Be6
23.Ba3 Bxa3 24.Nxa3 Bxb3 25.Qb4 Ba4 26.Nc4 Qc7 27.Nb2 Nd5  1/2-1/2

[Event "Bad Ragaz op"]
[Site "?"]
[Date "1993.??.??"]
[Round "2"]
[White "Jurek, Josef"]
[Black "Elkuch, Harald"]
[Result "1-0"]
[WhiteElo "2305"]
[BlackElo "2205"]

1.Nf3 d5 2.c4 e6 3.g3 Nf6 4.Bg2 Bd6 5.O-O O-O 6.b3 c5 7.e3 Nc6 8.Bb2 Rb8
9.Nc3 a6 10.cxd5 exd5 11.d4 b5 12.dxc5 Bxc5 13.Rc1 Ba7 14.Nxd5 Nxd5 15.Rxc6 Bb7
16.Ne5 Nxe3 17.fxe3 Bxe3+ 18.Kh1 Qxd1 19.Rxd1 Bxc6 20.Nxc6 Rb7 21.Ne7+ Kh8
22.Nf5  1-0

[Event "Wch Seniors"]
[Site "Bad Wildbad"]
[Date "1993.??.??"]
[Round "6"]
[White "Krogius, Nikolai V"]
[Black "Arkhangelsky, Boris"]
[Result "1/2-1/2"]
[WhiteElo "2465"]
[BlackElo "2375"]

1.Nf3 d5 2.c4 dxc4 3.e3 Nf6 4.Bxc4 e6 5.d4 c5 6.O-O a6 7.a4 Nc6 8.Nc3 Be7
9.Qe2 cxd4 10.Rd1 O-O 11.exd4 Nb4 12.Bg5 Re8 13.Ne5 Bd7 14.Rac1 Rc8 15.Re1 Rc7
16.Bb3 Bc8 17.Rcd1 Nfd5 18.Bd2 b6  1/2-1/2

[Event "Bad Woerishofen op"]
[Site "Bad Woerishofen"]
[Date "1993.??.??"]
[Round "4"]
[White "Feustel, Bernd"]
[Black "Graf, Christian"]
[Result "0-1"]
[WhiteElo "2325"]
[BlackElo "2225"]

1.Nf3 d5 2.c4 c6 3.b3 Nf6 4.Bb2 Bf5 5.g3 e6 6.Bg2 h6 7.O-O Nbd7 8.d3 Bc5
9.Nbd2 O-O 10.h3 Bh7 11.a3 a5 12.Ra2 Qb6 13.Qa1 Ne8 14.Bc3 Be7 15.b4 axb4
16.axb4 Rxa2 17.Qxa2 Bf6 18.c5 Qc7 19.Nd4 e5 20.N4b3 e4 21.d4 e3 22.Nf3 exf2+
23.Kxf2 Be7 24.Qa5 Qb8 25.Ra1 Nef6 26.Nfd2 Nh5 27.Nf1 Nxg3 28.Nxg3 Bh4 29.Kf3  0-1

[Event "Bagneux"]
[Site "Bagneux"]
[Date "1993.??.??"]
[Round "3"]
[White "Benoit, Michel"]
[Black "Payen, Arnaud"]
[Result "1/2-1/2"]
[WhiteElo "2250"]
[BlackElo "2340"]

1.Nf3 d5 2.c4 c6 3.b3 Nf6 4.Bb2 Bf5 5.g3 e6 6.Bg2 Be7 7.d3 h6 8.O-O O-O 9.Nbd2 Nbd7
10.Rc1 a5 11.a3 Bh7 12.Rc2 Qb6 13.Qa1 Ne8 14.Rfc1 Bc5 15.Bd4 Bxd4 16.Qxd4 Qxd4
17.Nxd4 Nd6 18.Bh3  1/2-1/2

[Event "Bagneux"]
[Site "Bagneux"]
[Date "1993.??.??"]
[Round "8"]
[White "Benoit, Michel"]
[Black "Borne, Niels"]
[Result "1-0"]
[WhiteElo "2250"]
[BlackElo "2275"]

1.Nf3 d5 2.c4 c6 3.b3 Nf6 4.Bb2 Bg4 5.e3 e6 6.Be2 Nbd7 7.O-O Bd6 8.d4 O-O
9.Nbd2 Qb8 10.h3 Bh5 11.Re1 a5 12.a3 Rd8 13.Qc2 Bg6 14.Bd3 Bxd3 15.Qxd3 e5
16.cxd5 cxd5 17.e4 exd4 18.exd5 Nxd5 19.Qxd4 N7f6 20.Qh4 Re8 21.Ne4 Be7 22.Rad1 Nxe4
23.Qxe4 Bf6 24.Qxe8+ Qxe8 25.Rxe8+ Rxe8 26.Rxd5 Bxb2 27.Rxa5 g6 28.a4 Re6
29.Rb5 Re7 30.g4 Kf8 31.Kf1 Bc3 32.Rc5 Bb4 33.Rc4 Ba5 34.b4 Bb6 35.Rc8+ Kg7
36.Rc4 Kf6 37.Rf4+ Kg7 38.Rc4 Kf6 39.Nd2 Rd7 40.Ke2 Ke6 41.f3 f5 42.gxf5+ gxf5
43.a5 Ba7 44.Rh4 Kd5 45.Nc4 Bd4 46.Kd3 Bf6 47.Nb6+ Kc6+ 48.Nxd7 Bxh4 49.Nc5 Bd8
50.Kc4 b5+ 51.axb6 Bxb6 52.Na4 Be3 53.Nb2 Bb6 54.Nd3 Bc7 55.Kd4 Kd6 56.Kc4 Kc6
57.Kd4 Kd6 58.Nf4 Bb6+ 59.Kc4 Be3 60.Nd3 Bb6 61.Nc5 Kc6 62.Na4 Bf2 63.Nc3 Bg1
64.Ne2  1-0

[Event "Balatonbereny op"]
[Site "Balatonbereny"]
[Date "1993.??.??"]
[Round "5"]
[White "Gross, Stefan"]
[Black "Videki, Sandor"]
[Result "0-1"]
[WhiteElo "2330"]
[BlackElo "2385"]

1.Nf3 d5 2.c4 c6 3.d4 Nf6 4.Qb3 dxc4 5.Qxc4 Bf5 6.g3 e6 7.Bg2 Nbd7 8.O-O Be7
9.Nc3 O-O 10.e3 Ne4 11.Nd2 Nxd2 12.Bxd2 e5 13.e4 exd4 14.exf5 dxc3 15.Bxc3 Bf6
16.Bb4 Be7 17.Rad1 Bxb4 18.Qxb4 Qb6 19.Qc3 Nf6 20.Bf3 Rad8 21.g4 h6 22.Kg2 Rfe8
23.Rfe1 Rxe1 24.Rxe1 Rd7 25.h4 Qd8 26.Qe3 Rd3 27.Qe5 Rd2 28.Re2 Rxe2 29.Qxe2 Nd5
30.Bxd5 cxd5 31.Kg3 d4 32.Qd3 Qd5 33.b3 Kf8 34.g5 hxg5 35.hxg5 Ke7 36.f4 Kd6
37.Kf2 Qc5 38.Kf3 Qc3 39.Ke4 Qxd3+ 40.Kxd3 Kd5 41.b4 a6 42.a3 b6  0-1

[Event "Balatonfuzfo"]
[Site "Balatonfuzfo"]
[Date "1993.??.??"]
[Round "7"]
[White "Feher, Gyula"]
[Black "Fancsy, Imre"]
[Result "1/2-1/2"]
[WhiteElo "2385"]
[BlackElo "2300"]

1.Nf3 d5 2.c4 e6 3.g3 Nf6 4.Bg2 Be7 5.O-O O-O 6.b3 b6 7.Bb2 Bb7 8.e3 c5 9.Qe2 Nbd7
10.Nc3 Rc8 11.Rfd1 Qc7 12.d3 Qb8  1/2-1/2

[Event "Balatonfuzfo"]
[Site "Balatonfuzfo"]
[Date "1993.??.??"]
[Round "9"]
[White "Feher, Gyula"]
[Black "Meszaros, Andras"]
[Result "1/2-1/2"]
[WhiteElo "2385"]
[BlackElo "2345"]

1.Nf3 d5 2.c4 e6 3.g3 c6 4.b3 Nf6 5.Bg2 Nbd7 6.Bb2 Bd6 7.O-O O-O 8.d4 Ne4
9.Nc3 f5 10.Nd2 Qg5 11.Ndxe4 fxe4  1/2-1/2

[Event "Oberliga Bayern9394"]
[Site "Bayern"]
[Date "1993.??.??"]
[Round "?"]
[White "Mertins, Klaus"]
[Black "Dobosz, Henryk"]
[Result "0-1"]
[WhiteElo "2230"]
[BlackElo "2430"]

1.Nf3 d5 2.c4 c6 3.cxd5 cxd5 4.d4 Nf6 5.Nc3 Nc6 6.Bf4 a6 7.e3 Bg4 8.Bd3 e6
9.Rc1 Rc8 10.O-O Be7 11.Na4 Nd7 12.a3 b5 13.Nc3 O-O 14.b4 Nb6 15.Ne2 Bxf3
16.gxf3 Nc4 17.Bxc4 dxc4 18.Nc3 Qb6 19.Rb1 Rcd8 20.Qe2 e5 21.dxe5 Rd3 22.Rfc1 f6
23.e6 f5 24.Kh1 Bf6 25.Qe1 Re8 26.e4 Rxe6 27.Be3 Qb7 28.Nd5 Ne5 29.Qe2 fxe4
30.fxe4 Rxd5 31.exd5 Qxd5+ 32.f3 Nxf3 33.Rd1 Nd4+ 34.Qg2 Qxg2+ 35.Kxg2 Rxe3
36.a4 bxa4 37.Rbc1 c3  0-1

[Event "JUG-chT (Women)"]
[Site "Becici"]
[Date "1993.??.??"]
[Round "?"]
[White "Vujic Katanic, Branka"]
[Black "Micic, Snezana"]
[Result "1/2-1/2"]
[WhiteElo "2185"]
[BlackElo "2220"]

1.Nf3 d5 2.c4 c6 3.Qc2 Nf6 4.g3 Bg4 5.Bg2 Nbd7 6.O-O e6 7.b3 Bd6 8.Bb2 O-O
9.d3 Qe7 10.a3 a5 11.Nbd2 h6 12.e4 dxe4 13.dxe4 e5 14.h3 Be6 15.Ra2 Nh7 16.Kh2 f6
17.Raa1 Rfd8 18.Rfe1 Nhf8 19.Nf1 Bf7 20.Ne3 g6 21.Ng4 Kg7 22.Red1 h5 23.Ne3 Bc5
24.Qe2 Ne6 25.Nh4 Kh7 26.Nc2 Ndf8 27.Nf3 Rxd1 28.Rxd1 Rd8 29.Rxd8 Nxd8 30.Qd2 Bb6
31.Bf1 Qd7 32.Kg2 Nde6 33.b4 Qxd2 34.Nxd2 axb4 35.axb4 c5 36.Nb3 Nd7 37.bxc5 Ndxc5
38.Nxc5 Bxc5 39.Bc3 Ng5 40.f3 Be6 41.g4 hxg4 42.fxg4 Nf7 43.Nb4 Kg7  1/2-1/2

[Event "JUG-chT2"]
[Site "Becici"]
[Date "1993.??.??"]
[Round "?"]
[White "Milanovic, Danilo"]
[Black "Randjelovic, Boban"]
[Result "1-0"]
[WhiteElo "2325"]
[BlackElo "2290"]

1.Nf3 d5 2.c4 e6 3.g3 Nf6 4.Bg2 c6 5.b3 Nbd7 6.Bb2 Bd6 7.O-O O-O 8.d3 Re8
9.Nbd2 e5 10.e4 Nc5 11.Qc2 dxe4 12.Nxe4 Ncxe4 13.dxe4 Bg4 14.Nh4 Qc8 15.c5 Bc7
16.Nf5 g6 17.Nd6 Bxd6 18.cxd6 Bh3 19.f4 Bxg2 20.Kxg2 Nd7 21.fxe5 Nxe5 22.Rf6 Ng4
23.Qc3 Rxe4 24.Rxg6+  1-0

[Event "Beersheba"]
[Site "Beersheba"]
[Date "1993.??.??"]
[Round "3"]
[White "Gurevich, Dmitry"]
[Black "Mikhalevski, Victor"]
[Result "1-0"]
[WhiteElo "2575"]
[BlackElo "2380"]

1.Nf3 d5 2.c4 e6 3.g3 dxc4 4.Qa4+ Nd7 5.Bg2 Nf6 6.Qxc4 c5 7.d3 Bd6 8.a4 b6
9.Nd4 Ne5 10.Nc6 Nxc6 11.Bxc6+ Bd7 12.Bxa8 Qxa8 13.O-O h5 14.h4 Bc6 15.Nc3 Qb8
16.Bf4 e5 17.Bg5 e4 18.Bxf6 Bxg3 19.Bg5 Bh2+ 20.Kh1 Be5 21.dxe4 Qc8 22.Qd3 f6
23.f4 Bxc3 24.Qxc3 O-O 25.Kh2 fxg5 26.fxg5 Re8 27.Rf4 Qc7 28.Qg3 Qe5 29.Raf1 Qxb2
30.g6 Qxe2+ 31.R1f2 Qd1 32.Qh3 Qd6 33.Qf5 Bxe4 34.Qf7+ Kh8 35.Qxe8+  1-0

[Event "Beersheba"]
[Site "Beersheba"]
[Date "1993.??.??"]
[Round "10"]
[White "Skembris, Spyridon"]
[Black "Gurevich, Dmitry"]
[Result "0-1"]
[WhiteElo "2545"]
[BlackElo "2575"]

1.Nf3 d5 2.c4 c6 3.e3 Nf6 4.Nc3 e6 5.Qc2 Nbd7 6.b3 a6 7.d4 Bd6 8.Be2 O-O
9.O-O e5 10.cxd5 cxd5 11.dxe5 Nxe5 12.Bb2 Be6 13.Rac1 Qd7 14.Na4 Bf5 15.Qd1 Qe7
16.Qd4 Ned7 17.Nb6 Nxb6 18.Qxb6 Be4 19.Qd4 Rfc8 20.Ne5 Bc5 21.Qc3 Qe6 22.Ng4 Ne8
23.Qe5 Bd6 24.Qxe6 fxe6 25.Ne5 Nf6 26.Nd3 Nd7 27.f3 Bg6 28.Rfd1 Kf8 29.Kf2 a5
30.Nf4 Bf7 31.Bb5 Nf6 32.Nd3 Be8 33.Bxe8 Kxe8 34.h3 a4 35.Ke2 Rc6 36.b4 a3
37.Bxf6 gxf6 38.Rxc6 bxc6 39.g4 Rb8 40.Rc1 Kd7 41.Rc3 Bxb4 42.Nxb4 Rxb4 43.Rxa3 Rb2+
44.Kd3 Rf2 45.f4 e5 46.Ra7+ Kd6 47.fxe5+ fxe5 48.Rxh7 e4+ 49.Kc3 Re2 50.Rh6+ Kc5
51.g5 Rxe3+ 52.Kd2 Rg3 53.g6 d4 54.Rh4 Rxg6 55.Rxe4 Rg3 56.h4 Ra3 57.Re1 Rxa2+
58.Kd3 Kd5 59.Re8 Ra3+ 60.Ke2 Rh3 61.Rh8 d3+ 62.Kf2 Kc4 63.Ke1 Kc3  0-1

[Event "Belgrade"]
[Site "Belgrade"]
[Date "1993.??.??"]
[Round "1"]
[White "Damljanovic, Branko"]
[Black "Beliavsky, Alexander G"]
[Result "0-1"]
[WhiteElo "2570"]
[BlackElo "2635"]

1.Nf3 d5 2.c4 e6 3.d4 Nf6 4.Nc3 Be7 5.Bg5 h6 6.Bh4 O-O 7.Rc1 dxc4 8.e3 c5
9.Bxc4 cxd4 10.exd4 Nc6 11.O-O Qb6 12.Qd2 Rd8 13.Na4 Qb4 14.Qxb4 Nxb4 15.Nc3 Bd7
16.Rfd1 Rac8 17.Bb3 Bc6 18.Ne5 g5 19.Bg3 Be4 20.h4 Bf5 21.hxg5 hxg5 22.a3 Nbd5
23.Nxd5 Nxd5 24.Bxd5 exd5 25.f3 f6 26.Ng4 Bxg4 27.fxg4 Kf7 28.Bc7 Re8 29.Kf2 Ke6
30.Kf3 Kd7 31.Bg3 b5 32.a4 bxa4 33.Rh1 Rxc1 34.Rxc1 Rc8 35.Rxc8 Kxc8 36.Ke3 a3
37.bxa3 Bxa3 38.Kd3 a5 39.Be1 a4 40.Bc3 Kd7 41.Ke2 Kc6 42.Kd3 Kb5  0-1

[Event "Belgrade Trako"]
[Site "Belgrade"]
[Date "1993.??.??"]
[Round "5"]
[White "Arsovic, Goran"]
[Black "Sahovic, Dragutin"]
[Result "1/2-1/2"]
[WhiteElo "2330"]
[BlackElo "2390"]

1.Nf3 d5 2.c4 d4 3.a3 a5 4.e3 c5 5.exd4 cxd4 6.d3 Nc6 7.g3 Nf6 8.Bg2 e5 9.O-O Bd6
10.Re1 O-O 11.Bg5 h6 12.Bxf6 Qxf6 13.Nbd2 Qd8 14.Qc2 Be6 15.c5 Bc7 16.Nc4 f6
17.b3 Qe7 18.Nfd2 Rfc8 19.Rac1 g5 20.h4 Kg7 21.Qb1 Qf7 22.Ne4 Qh5 23.Ncd2  1/2-1/2

[Event "Benasque op"]
[Site "Benasque"]
[Date "1993.??.??"]
[Round "8"]
[White "Antunes, Antonio"]
[Black "Garcia Palermo, Carlos"]
[Result "1-0"]
[WhiteElo "2425"]
[BlackElo "2455"]

1.Nf3 d5 2.c4 dxc4 3.e3 c5 4.Bxc4 e6 5.d4 a6 6.O-O Nf6 7.Qe2 b5 8.Bb3 Bb7
9.a4 Nbd7 10.axb5 axb5 11.Rxa8 Qxa8 12.Nc3 b4 13.Nb5 Qa5 14.e4 Be7 15.e5 Ne4
16.Rd1 cxd4 17.Nfxd4 Nec5 18.Bg5 Ba6 19.Bxe7 Bxb5 20.Bc4 Kxe7 21.Bxb5 Nb8
22.Qe3 Rc8 23.Nc6+ Rxc6 24.Bxc6 Nxc6 25.Rc1 Nd7 26.Rxc6 Qxe5 27.Qxe5 Nxe5
28.Rb6 Nd3 29.b3 f5 30.f4 h6 31.h4 Nxf4 32.Rxb4 g5 33.g3 Nd5 34.Rb7+ Kd6
35.Rh7 f4 36.Rxh6 fxg3 37.hxg5 Ke5 38.Rh3 Kf4 39.g6  1-0

[Event "Berga op"]
[Site "Berga"]
[Date "1993.??.??"]
[Round "3"]
[White "Suba, Mihai"]
[Black "Shevelev, Arkady"]
[Result "1-0"]
[WhiteElo "2500"]
[BlackElo "2325"]

1.Nf3 d5 2.c4 e6 3.g3 c5 4.cxd5 exd5 5.d4 Nc6 6.Bg2 Nf6 7.O-O Be7 8.Nc3 O-O
9.Bg5 cxd4 10.Nxd4 h6 11.Be3 Re8 12.Qa4 Bd7 13.Rac1 Bf8 14.Nxd5 Nxd5 15.Bxd5 Na5
16.Nb5 a6 17.Qf4 Bxb5 18.Qxf7+ Kh7 19.Qg8+ Kg6 20.Bf7+ Kf6 21.Rfd1 Be7 22.Bxe8 Qxe8
23.Bd4+ Kf5 24.e4+ Kg4 25.Qe6+ Kh5 26.Qh3+ Bh4 27.Qxh4+ Kg6 28.Qg4+ Kf7 29.Qxg7+ Ke6
30.Qf6+ Kd7 31.Be3+  1-0

[Event "Berliner Sommer"]
[Site "Berlin"]
[Date "1993.??.??"]
[Round "?"]
[White "Przewoznik, Jan"]
[Black "Bagirov, Vladimir"]
[Result "0-1"]
[WhiteElo "2430"]
[BlackElo "2525"]

1.Nf3 d5 2.c4 c6 3.b3 Bg4 4.Bb2 Nd7 5.g3 Bxf3 6.exf3 Ngf6 7.Bg2 e6 8.O-O a5
9.d4 a4 10.c5 axb3 11.axb3 Rxa1 12.Bxa1 Be7 13.b4 Qa8 14.Bc3 O-O 15.Qd3 Ne8
16.Nd2 Nc7 17.Ra1 Qb8 18.f4 b6 19.f5 bxc5 20.bxc5 Bf6 21.fxe6 fxe6 22.Bh3 Re8
23.Re1 Nf8 24.Nf3 Qb3 25.Nd2 Qb5 26.Qe3 Qb7 27.Rb1 Qa8 28.Bf1 Rb8 29.Ra1 Qb7
30.Ba5 Ra8 31.Rb1 Qc8 32.Bb6 Ne8 33.Nf3 Ra4 34.h4 g6 35.Bh3 Ng7 36.Qf4 Nf5
37.Bxf5 exf5 38.Re1 Ne6 39.Qd6 Kf7 40.Ne5+ Bxe5 41.Rxe5 Rxd4 42.Bd8 Re4 43.Rxe4 fxe4
44.Qe7+ Kg8 45.Ba5 Nd4 46.Kg2 Qf8 47.Qe5 Qf3+ 48.Kg1 Qd1+ 49.Kg2 Qg1+  0-1

[Event "Berliner Sommer"]
[Site "Berlin"]
[Date "1993.??.??"]
[Round "5"]
[White "Loeffler, Stefan"]
[Black "Lerner, Konstantin Z"]
[Result "0-1"]
[WhiteElo "2460"]
[BlackElo "2530"]

1.Nf3 d5 2.c4 e6 3.d4 Nf6 4.Nc3 dxc4 5.Bg5 a6 6.e4 b5 7.a4 b4 8.Nb1 Bb7 9.e5 h6
10.Be3 Nd5 11.Bxc4 c5 12.O-O Nd7 13.a5 Be7 14.Nbd2 O-O 15.Nb3 Rc8 16.Rc1 cxd4
17.Bxd4 Nf4 18.Re1 Nc5 19.Bxc5 Bxc5 20.Bf1 Ba7 21.Rxc8 Qxc8 22.Nfd2 f5 23.exf6 Rxf6
24.Ne4 Rg6 25.g3 e5 26.Qd2 Nh3+ 27.Bxh3 Qxh3 28.Qxb4 Bxf2+ 29.Kxf2 Qxh2+
30.Ke3 Bxe4 31.Qc4+ Kh8 32.Qc8+ Kh7 33.Kxe4 Qg2+ 34.Kd3 Rd6+ 35.Ke3 Qxg3+
36.Ke2 Qd3+ 37.Kf2 Rf6+  0-1

[Event "Berliner Sommer"]
[Site "Berlin"]
[Date "1993.??.??"]
[Round "8"]
[White "Kleeschaetzky, Ralf"]
[Black "Forchert, Martin"]
[Result "0-1"]
[WhiteElo "2305"]
[BlackElo "2255"]

1.Nf3 d5 2.c4 c6 3.b3 Nf6 4.Bb2 Bg4 5.g3 e6 6.Bg2 Nbd7 7.O-O Bd6 8.d3 O-O
9.Nc3 Qe7 10.h3 Bh5 11.d4 Rad8 12.Re1 Ne4 13.c5 Bc7 14.b4 f5 15.Qd3 g5 16.Nh2 Bg6
17.Rf1 Rf7 18.f4 Rg7 19.Bc1 Kh8 20.Nxe4 dxe4 21.Qc4 gxf4 22.gxf4 Bf7 23.Qc2 Rdg8
24.Rf2 Nf6 25.e3 Nd5 26.Rb1 Qh4 27.Rb2 Qxh3 28.Qe2 Bh5 29.Qe1 Bf3  0-1

[Event "Bern op"]
[Site "Bern"]
[Date "1993.??.??"]
[Round "3"]
[White "Cvitan, Ognjen"]
[Black "Timmer, Robert"]
[Result "1/2-1/2"]
[WhiteElo "2575"]
[BlackElo "2265"]

1.Nf3 d5 2.c4 e6 3.d4 c5 4.cxd5 exd5 5.g3 Nf6 6.Bg2 Be7 7.O-O O-O 8.Nc3 Nc6
9.Bg5 c4 10.Ne5 Be6 11.f4 Ng4 12.Bxe7 Nxe7 13.Qd2 Nh6 14.Nf3 Rc8 15.h3 Nhf5
16.g4 Nd6 17.b4 Kh8 18.f5  1/2-1/2